000 00665nam a2200253Ia 4500
003 OSt
005 20220924114516.0
006 a|||||r|||| 00| 0
007 ta
008 220923b |||||||| |||| 00| 0 ara d
020 _c125.00
024 _a341608
037 _cTextual
040 _aARTS
_cARTS
_bara
041 _2ara
_aara
082 _aP28:4k, 28K8
245 0 _aAl-munjid fi-al-mutradifaat wa-al-mutujanisat
260 _aBeirut
_bDar-al-mashriq Lebanon
_c1968
300 _a265p.
_ccm.
650 _a LINGUISTICS
650 _aARABIC LANGUAGE
_931794
942 _hP28:4k, 28K8
_cTEXL
_2CC
999 _c393925
_d393925